000 01834nam a2200265 a 4500
001 000045046
005 20201002045830.0
008 150130s2013 dr acd 000 0 spa d
020 _a9789945174700 (v. 1)
020 _a9789945174717 (v. 2)
020 _a9789945174724 (v. 3)
020 _a9789945174731 (v. 4)
040 _aDO-SdBNP
_bspa
_cBNPHU
245 0 0 _aCiencias sociales :
_beducación media.
260 _aSanto Domingo :
_bSM,
_c2013.
300 _av. :
_bil., retrs., mapas, + CD ;
_c29 cm.
490 1 _aProyecto Sé
505 0 _gv. 1
_tGeografía de la tierra
_tLos continentes
_tLa prehistoria y las primeras civilizaciones
_tDe Grecia a la Edad Media
_tLa Edad Media y las grandes revoluciones
_tEl siglo XX
_tPoblación y espacio urbano
_tEconomía y política
505 0 _gv. 2
_tLa formación de América
_tLas maravillas naturales del continente
_tLos pobladores de América
_tEncuentro del viejo y el nuevo mundo
_tLucha por la libertad
_tAmérica: siglos XX y XXI
_tPoblación, sociedad y cultura
_tEconomía y política
505 0 _gv. 3
_tGeografía física del caribe
_tGeografía física de la República Dominicanalibro
_tDos colonias
_tDe la independencia nacional a la restauración de la república
_tDel gobierno de Báez a la dictadura de Heureaux
_tLa intervención norteamericana y la dictadura de Trujillo
_tOrganización territorial y población dominicana
_tEspacios geográficos y economía
505 0 _gv. 4
_tDe la caída de la dictadura hasta el golpe de estado de 1963
_tEl triunvirato y la guerra de abril
_tLos doce años de Balaguer
_tConsolidación de la democracia
_tOrganización territorial y población dominicana
_tSociedad y cultura
_tProducción nacional y los servicios
_tEconomía actual
500 _aCada numero incluye CD
710 2 _aSM Dominicana
_965182
830 0 _aProyecto Sé
_922850
999 _c44535
_d44535